A textbook of physics for students of science and engineering (Record no. 3960)

000 -LEADER
fixed length control field 00414nam a22001577a 4500
008 - FIXED-LENGTH DATA ELEMENTS--GENERAL INFORMATION
fixed length control field 200708b ||||| |||| 00| 0 eng d
082 00 - DEWEY DECIMAL CLASSIFICATION NUMBER
Classification number 530
Item number D9111
100 ## - MAIN ENTRY--PERSONAL NAME
9 (RLIN) 118
Personal name Duncan, J.
245 10 - TITLE STATEMENT
Title A textbook of physics for students of science and engineering
250 ## - EDITION STATEMENT
Edition statement 2nd ed.
260 ## - PUBLICATION, DISTRIBUTION, ETC. (IMPRINT)
Place of publication, distribution, etc London
Name of publisher, distributor, etc Macmillan
Date of publication, distribution, etc 1950
300 ## - PHYSICAL DESCRIPTION
Extent xxii,1063p.
365 ## - TRADE PRICE
Unit of pricing 26.20
650 #0 - SUBJECT ADDED ENTRY--TOPICAL TERM
Topical term or geographic name as entry element Physics
942 ## - ADDED ENTRY ELEMENTS (KOHA)
Item type Books
Holdings
Withdrawn status Lost status Source of classification or shelving scheme Damaged status Not for loan Permanent location Current location Date acquired Source of acquisition Full call number Barcode Date last seen Koha item type
          IMU Kolkata IMU Kolkata 1962-03-15 Newman & Co 530 D9111 02708 2020-07-08 Books
Designed and Maintained by IMU-KC Library, Kolkata Campus © Copyright All Rights Reserved

webs counters

Powered by Koha